Consilium. Teorie e pratiche del consigliare nella cultura medievale, sous la dir. de Carla CASAGRANDE, Chiara CRISCIANI et Silvana VECCHIO, Florence, SISMEL-Edizioni del Galluzzo, 2004 ; 1 vol., X-346 p. (Micrologus’ Library, 10). ISBN : 88-8450-120-2. Prix : €52,00 (notice n° 1656445)
[ vue normale ]
| 000 -LEADER | |
|---|---|
| fixed length control field | 00678cam a2200145 4500500 |
| 005 - DATE AND TIME OF LATEST TRANSACTION | |
| control field | 20260208010423.0 |
| 041 ## - LANGUAGE CODE | |
| Language code of text/sound track or separate title | fre |
| 042 ## - AUTHENTICATION CODE | |
| Authentication code | dc |
| 100 10 - MAIN ENTRY--PERSONAL NAME | |
| Personal name | Pons, Nicole |
| Relator term | author |
| 245 00 - TITLE STATEMENT | |
| Title | Consilium. Teorie e pratiche del consigliare nella cultura medievale, sous la dir. de Carla CASAGRANDE, Chiara CRISCIANI et Silvana VECCHIO, Florence, SISMEL-Edizioni del Galluzzo, 2004 ; 1 vol., X-346 p. (Micrologus’ Library, 10). ISBN : 88-8450-120-2. Prix : €52,00 |
| 260 ## - PUBLICATION, DISTRIBUTION, ETC. | |
| Date of publication, distribution, etc. | 2005.<br/> |
| 500 ## - GENERAL NOTE | |
| General note | 4 |
| 786 0# - DATA SOURCE ENTRY | |
| Note | Le Moyen Age | CXI | 2 | 2005-09-01 | p. L-L | 0027-2841 |
| 856 41 - ELECTRONIC LOCATION AND ACCESS | |
| Uniform Resource Identifier | <a href="https://shs.cairn.info/revue-le-moyen-age-2005-2-page-L?lang=fr&redirect-ssocas=7080">https://shs.cairn.info/revue-le-moyen-age-2005-2-page-L?lang=fr&redirect-ssocas=7080</a> |
Pas d'exemplaire disponible.




Réseaux sociaux